[Event "10th EICC"]
[Site "Budva MNE"]
[Date "2009.03.06"]
[Round "1"]
[White "Papp,P"]
[Black "Novikov,St1"]
[Result "0-1"]
[WhiteElo "2134"]
[BlackElo "2523"]
[EventDate "2009.03.06"]

1. e4 g6 2. d4 c6 3. f4 d5 4. e5 h5 5. Nf3 Nh6 6. Bd3 Bg4 7. O-O e6 8. h3
Bxf3 9. Qxf3 Qb6 10. g4 Qxd4+ 11. Be3 hxg4 12. hxg4 Qxb2 13. Nd2 Qa3 14. f5
gxf5 15. gxf5 Nxf5 16. Bxf5 exf5 17. Nb3 Nd7 18. Bg5 Rg8 19. Qh5 Be7 20.
Rxf5 O-O-O 21. Kf1 Bxg5 22. Rxg5 Qb4 23. Rxg8 Rxg8 24. Qf5 0-1

[Event "10th EICC"]
[Site "Budva MNE"]
[Date "2009.03.06"]
[Round "1"]
[White "Sanikidze,T"]
[Black "Becic,S"]
[Result "1-0"]
[WhiteElo "2522"]
[BlackElo "2131"]
[EventDate "2009.03.06"]

1. d4 d5 2. c4 e6 3. Nf3 c5 4. cxd5 exd5 5. Nc3 Nc6 6. g3 Nf6 7. Bg2 c4 8.
O-O Be7 9. Bg5 Be6 10. b3 cxb3 11. Qxb3 Na5 12. Qb5+ Bd7 13. Qd3 Be6 14.
Ne5 O-O 15. f4 Nc6 16. f5 Bc8 17. Rab1 Re8 18. e3 Ne4 19. Bxe7 Nxe7 20.
Nxe4 dxe4 21. Bxe4 1-0

[Event "10th EICC"]
[Site "Budva MNE"]
[Date "2009.03.06"]
[Round "1"]
[White "Zdravkovic,DS"]
[Black "Saric,A"]
[Result "0-1"]
[WhiteElo "2130"]
[BlackElo "2514"]
[EventDate "2009.03.06"]

1. e4 c5 2. Nf3 d6 3. c3 Nf6 4. e5 dxe5 5. Nxe5 Nbd7 6. Bb5 a6 7. Bxd7+
Nxd7 8. Nf3 e6 9. O-O Be7 10. d4 O-O 11. Be3 b6 12. Qc2 Bb7 13. Nbd2 Qc7
14. Bg5 Bd6 15. dxc5 Nxc5 16. Rfe1 e5 17. b4 Ne6 18. a3 f5 19. Qb3 Rae8 20.
Bf4 e4 21. Bxd6 Qxd6 22. Nd4 Bd5 23. Qb2 Nf4 24. Re3 Qg6 25. Rg3 Qf6 26.
Rd1 h5 27. h4 Nd3 28. Qa1 Nxf2 29. Rf1 Qxh4 30. Rxg7+ Kxg7 31. c4 Kh7 32.
Rxf2 e3 33. Rxf5 Rxf5 34. Nxf5 Qf2+ 0-1

[Event "10th EICC"]
[Site "Budva MNE"]
[Date "2009.03.06"]
[Round "1"]
[White "Berczes,D"]
[Black "Filipovic,Mi"]
[Result "1-0"]
[WhiteElo "2513"]
[BlackElo "2121"]
[EventDate "2009.03.06"]

1. d4 Nf6 2. c4 g6 3. Nc3 Bg7 4. e4 d6 5. Nf3 O-O 6. Be2 e5 7. Be3 Nc6 8.
d5 Ne7 9. Nd2 Ne8 10. O-O f5 11. f3 f4 12. Bf2 g5 13. c5 Ng6 14. Nc4 Rf7
15. a4 Bf8 16. cxd6 Nxd6 17. a5 h5 18. Kh1 Rg7 19. Nxd6 cxd6 20. Nb5 Bd7
21. a6 b6 22. Rc1 Bc8 23. Na3 Bd7 24. Rc3 Rc8 25. Rxc8 Bxc8 26. Qa4 g4 27.
Rc1 Nh4 28. Rxc8 Qxc8 29. Bxh4 Qc1+ 30. Qd1 Rc7 31. Nb5 Rc5 32. Nc3 Qe3 33.
Qe1 g3 34. hxg3 1-0

[Event "10th EICC"]
[Site "Budva MNE"]
[Date "2009.03.06"]
[Round "1"]
[White "Bozinovic,Bob"]
[Black "Drazic,S"]
[Result "0-1"]
[WhiteElo "2095"]
[BlackElo "2513"]
[EventDate "2009.03.06"]

1. e4 e6 2. d4 d5 3. Nc3 dxe4 4. Nxe4 Bd7 5. Nf3 Bc6 6. Bd3 Nd7 7. O-O Be7
8. Re1 Ngf6 9. Qe2 Bxe4 10. Bxe4 Nxe4 11. Qxe4 c6 12. c3 O-O 13. Bf4 Re8
14. h3 a5 15. Ne5 Nf8 16. Rad1 a4 17. Qf3 Qd5 18. c4 Qxf3 19. Nxf3 Red8 20.
a3 f6 21. Bd2 Kf7 22. Bc3 b5 23. Kf1 h5 24. g3 Nd7 25. Rd2 Bf8 26. Rde2 Re8
27. c5 Rad8 28. g4 hxg4 29. hxg4 Nb8 30. Nd2 g5 31. Nf3 Rd5 32. Re4 Bg7 33.
R4e2 Nd7 34. Kg2 Nf8 35. Kg3 Ng6 36. Bd2 Re7 37. Bc1 Nf8 38. Bd2 Kg6 39.
Bc3 Re8 40. Re4 Rd7 41. R4e2 Bh8 42. Re4 Rh7 43. Ba5 Rhe7 44. Bc3 Bg7 45.
R4e2 Kf7 46. Re4 Ng6 47. Bd2 Bh6 48. Kg2 Rh8 49. R4e2 Nf8 50. Re4 Ke8 51.
R4e2 Bg7 52. Bb4 Kf7 53. Bc3 Ng6 54. Bd2 Nh4+ 55. Nxh4 Rxh4 56. f3 Rh8 57.
Bc3 Rd8 58. Re4 Ree8 59. Ba5 Rd7 60. Bc3 Bf8 61. R1e2 Rd5 62. Kf1 Re7 63.
Kg2 Bh6 64. Kf2 Bg7 65. Kg2 Bf8 66. Kf1 Rd8 67. Ba5 Rde8 68. Bc3 Bg7 69.
Rd2 Rh8 70. Kg2 Ke8 71. Rde2 Kd7 72. Be1 Ree8 73. Bc3 Rhf8 74. Re1 Re7 75.
R4e2 Rff7 76. Re4 f5 77. R4e2 fxg4 78. fxg4 Rf4 79. Re4 Rxe4 80. Rxe4 Rf7
81. Bd2 Bf6 82. Be1 Rf8 83. Bg3 Rd8 84. Bd6 Rh8 85. Bg3 Ke7 86. Bd6+ Kf7
87. Bg3 Rd8 88. Bf2 Rd5 89. Kf3 e5 90. dxe5 Bxe5 91. Re2 Bf6 92. Rc2 Rd1
93. Ke4 Rb1 94. Kf5 Rxb2 95. Rxb2 Bxb2 96. Kxg5 b4 0-1

[Event "10th EICC"]
[Site "Budva MNE"]
[Date "2009.03.06"]
[Round "1"]
[White "Wells,P"]
[Black "Scekic,V"]
[Result "1/2-1/2"]
[WhiteElo "2513"]
[BlackElo "2084"]
[EventDate "2009.03.06"]

1. d4 Nf6 2. c4 e6 3. Nc3 d5 4. cxd5 exd5 5. Bg5 Be7 6. e3 O-O 7. Bd3 c6 8.
Qc2 h6 9. Bh4 Re8 10. Nf3 Ne4 11. Bxe4 Bxh4 12. Bh7+ Kh8 13. g3 Bf6 14. Bf5
Bxf5 15. Qxf5 g6 16. Qf4 Kg7 17. h4 Na6 18. O-O-O b5 19. g4 Qc7 20. g5 Qxf4
21. exf4 hxg5 22. hxg5 Be7 23. Ne5 Bd6 24. Ne2 c5 25. f5 gxf5 26. Ng3 Bxe5
27. dxe5 f4 28. Nf5+ Kg6 29. Nh4+ Kg7 30. Rxd5 Nb4 31. Nf5+ Kg6 32. Nh4+
Kxg5 33. Rdd1 f3 34. Rd6 Re6 35. Nxf3+ Kf4 36. Rh7 Rf8 37. Rxe6 fxe6 38.
Nh4 Nd3+ 39. Kd2 Nxe5 40. Ke2 Rf7 41. Ng6+ Kg5 42. Rxf7 Nxf7 43. Nf8 Kf5
44. Nd7 c4 45. a3 Ke4 46. Nc5+ Kd5 47. Na6 Kc6 48. Ke3 Ne5 49. Kd4 Kd6 50.
a4 bxa4 51. Nc5 Nd3 52. Nxa4 Nxf2 53. Kxc4 e5 54. Nc3 a6 1/2-1/2

[Event "10th EICC"]
[Site "Budva MNE"]
[Date "2009.03.06"]
[Round "1"]
[White "Berke,A"]
[Black "Ibarra Jerez,JC"]
[Result "0-1"]
[WhiteElo "2081"]
[BlackElo "2513"]
[EventDate "2009.03.06"]

1. e4 c5 2. Ne2 Nf6 3. Nbc3 d6 4. d4 cxd4 5. Nxd4 a6 6. a4 Nc6 7. g3 Bg4 8.
Nf3 g6 9. Bg2 Bg7 10. h3 Bd7 11. O-O O-O 12. Be3 Rc8 13. Nd5 Nxe4 14. Bb6
Qe8 15. Nc7 Rxc7 16. Bxc7 Bxb2 17. Re1 Qc8 18. Bb6 Bxa1 19. Qxa1 Nf6 20. h4
Nd5 21. Bd4 e5 22. Bb2 Ncb4 23. Rc1 Qc5 24. c4 Nd3 25. Rc2 N5b4 26. Rd2 Bc6
27. h5 Qxc4 28. h6 f6 29. Bc3 a5 30. Bxb4 axb4 31. Qd1 e4 32. Nh4 b3 33.
Qg4 Ne5 34. Qf4 Qc1+ 35. Kh2 g5 36. Qf5 Bd7 0-1

[Event "10th EICC"]
[Site "Budva MNE"]
[Date "2009.03.06"]
[Round "1"]
[White "Prohaszka,P2"]
[Black "Kandic,Milo"]
[Result "1-0"]
[WhiteElo "2512"]
[BlackElo "2075"]
[EventDate "2009.03.06"]

1. d4 d5 2. Nf3 Nf6 3. c4 e6 4. g3 c5 5. Bg2 cxd4 6. O-O Nc6 7. Nxd4 Be7 8.
Nc3 Qb6 9. Ndb5 a6 10. Be3 Qd8 11. cxd5 exd5 12. Nd4 O-O 13. Nxc6 bxc6 14.
Na4 Rb8 15. Rc1 Qa5 16. b3 Ba3 17. Rxc6 Be6 18. Qd3 Ra8 19. Bc5 Bxc5 20.
Rxc5 Qb4 21. Rfc1 Qa3 22. Qc2 h6 23. Qb2 Qb4 24. a3 Qg4 25. b4 Rfb8 26. Nc3
Qd4 27. Nd1 Qxb2 28. Nxb2 a5 29. Nd3 axb4 30. axb4 Ne4 31. Ra5 Rxa5 32.
bxa5 Ra8 33. Ra1 Bd7 34. Nb4 Be6 35. a6 1-0

[Event "10th EICC"]
[Site "Budva MNE"]
[Date "2009.03.06"]
[Round "1"]
[White "Gazvoda,F"]
[Black "Dobrov,V"]
[Result "0-1"]
[WhiteElo "2065"]
[BlackElo "2510"]
[EventDate "2009.03.06"]

1. e4 c5 2. Nf3 d6 3. d4 cxd4 4. Nxd4 Nf6 5. Bd3 g6 6. O-O Bg7 7. c3 O-O 8.
Bg5 h6 9. Bh4 Nc6 10. Nxc6 bxc6 11. Qe2 Rb8 12. Na3 Nh5 13. Bc4 Nf4 14. Qd2
g5 15. Bg3 Qa5 16. Rab1 Ng6 17. Rfd1 Be6 18. Bxe6 fxe6 19. Qd3 h5 20. h3 h4
21. Bh2 Qc5 22. Rf1 Nf4 23. Bxf4 Rxf4 24. Nc2 d5 25. e5 Re4 26. Nd4 Bxe5
27. Nxe6 Qc4 28. Qxc4 Rxc4 29. Nxg5 Bf6 30. Nf3 e5 31. Rfe1 e4 32. Nd2 Ra4
33. a3 Ra6 34. Rec1 Bg5 35. Rc2 Bxd2 36. Rxd2 Rxa3 37. Rc1 Ra2 38. Rcc2 a5
39. Kf1 a4 40. Ke2 Kf7 41. Ke3 Ke6 42. f3 exf3 43. gxf3 c5 0-1

[Event "10th EICC"]
[Site "Budva MNE"]
[Date "2009.03.06"]
[Round "1"]
[White "Cebalo,M"]
[Black "Simic,V"]
[Result "1-0"]
[WhiteElo "2509"]
[BlackElo "2064"]
[EventDate "2009.03.06"]

1. d4 Nf6 2. Bg5 c5 3. d5 d6 4. Nc3 Nbd7 5. e4 g6 6. Nf3 Bg7 7. Be2 a6 8.
a4 b6 9. h3 O-O 10. O-O Ne8 11. Re1 Nc7 12. Bc4 Rb8 13. Qd3 Ne5 14. Nxe5
Bxe5 15. Rab1 b5 16. axb5 axb5 17. Nxb5 Nxb5 18. Bxb5 Qa5 19. c4 f6 20. Bd2
Qc7 21. b4 f5 22. Rbc1 fxe4 23. Qxe4 Bf5 24. Qh4 Bf6 25. Qg3 Bb2 26. bxc5
Bxc1 27. Bxc1 Qxc5 28. Rxe7 Qd4 29. Bh6 Rfd8 30. Kh2 Ra8 31. Bg7 Qd2 32.
Bc3 Qd3 33. Qh4 1-0

[Event "10th EICC"]
[Site "Budva MNE"]
[Date "2009.03.06"]
[Round "1"]
[White "Dinter,B"]
[Black "Szabo,Krisz1"]
[Result "0-1"]
[WhiteElo "2055"]
[BlackElo "2508"]
[EventDate "2009.03.06"]

1. Nf3 Nf6 2. d4 e6 3. e3 d5 4. Bd3 Bd6 5. O-O O-O 6. Nbd2 c5 7. c3 b6 8.
Qe2 Bb7 9. e4 dxe4 10. Nxe4 Nxe4 11. Bxe4 Bxe4 12. Qxe4 Nd7 13. Bg5 Qc7 14.
Rad1 Rfe8 15. Rfe1 c4 16. Bh4 b5 17. Qg4 Rab8 18. Bg3 Nf6 19. Bxd6 Qxd6 20.
Qh4 b4 21. Ne5 bxc3 22. bxc3 Qa3 23. Re3 Qxa2 24. h3 Qc2 25. Ra1 Rb1+ 26.
Rxb1 Qxb1+ 27. Kh2 h6 28. Rg3 Kf8 29. Nxc4 Qe4 30. f4 Qe1 31. Nd6 Rb8 32.
Nxf7 Rb1 0-1

[Event "10th EICC"]
[Site "Budva MNE"]
[Date "2009.03.06"]
[Round "1"]
[White "Nanu,C"]
[Black "Vukovic,K"]
[Result "1-0"]
[WhiteElo "2506"]
[BlackElo "2055"]
[EventDate "2009.03.06"]

1. d4 c5 2. d5 Nf6 3. Nc3 e5 4. e4 d6 5. f4 Bg4 6. Be2 Bxe2 7. Qxe2 Nbd7 8.
Nf3 Be7 9. O-O O-O 10. f5 Ne8 11. g4 g5 12. h4 f6 13. Qh2 Rf7 14. Ne2 Nc7
15. Ng3 h6 16. Kg2 Bf8 17. Rh1 Bg7 18. Be3 Kf8 19. Nh5 Ke7 20. hxg5 hxg5
21. Qg3 b5 22. Rh3 b4 23. Rhh1 Nb5 24. Nxg5 fxg5 25. Bxg5+ Bf6 26. Nxf6
Nxf6 27. Bxf6+ Rxf6 28. Rh7+ 1-0

[Event "10th EICC"]
[Site "Budva MNE"]
[Date "2009.03.06"]
[Round "1"]
[White "Kruljac,P"]
[Black "Szabo,G ROM"]
[Result "1/2-1/2"]
[WhiteElo "2052"]
[BlackElo "2506"]
[EventDate "2009.03.06"]

1. d4 Nf6 2. c4 g6 3. Nc3 Bg7 4. Nf3 O-O 5. g3 d6 6. Bg2 Nc6 7. O-O a6 8.
d5 Na5 9. Nd2 c5 10. Qc2 e5 11. b3 Bd7 12. Bb2 Ng4 13. h3 Nh6 14. e3 f5 15.
f4 g5 16. Ne2 Qe7 17. fxe5 Bxe5 18. Bxe5 Qxe5 19. Qc3 Qxc3 20. Nxc3 b5 21.
e4 b4 22. Ne2 Nb7 23. h4 gxh4 24. Bh3 hxg3 25. Nxg3 Rf7 26. Nxf5 Nxf5 27.
Bxf5 Bxf5 28. Rxf5 Rxf5 29. exf5 Re8 30. Rf1 Kf7 31. Rf2 Kf6 32. Nf1 Nd8
33. Ng3 Nf7 34. Rh2 h6 35. Kf2 a5 36. Nh5+ Ke5 37. Rh3 Rf8 38. Ng3 a4 39.
Rh4 axb3 40. axb3 Kf6 41. Ke3 Ke5 42. Rf4 h5 1/2-1/2

[Event "10th EICC"]
[Site "Budva MNE"]
[Date "2009.03.06"]
[Round "1"]
[White "Nyzhnyk,I"]
[Black "Petovic,L"]
[Result "1-0"]
[WhiteElo "2504"]
[BlackElo "2052"]
[EventDate "2009.03.06"]

1. e4 e5 2. Nf3 Nc6 3. Bb5 a6 4. Ba4 b5 5. Bb3 Nf6 6. d3 d5 7. exd5 Nxd5 8.
O-O Bg4 9. Re1 Bc5 10. Bg5 Qd6 11. h3 Bh5 12. g4 Bg6 13. d4 Nxd4 14. Rxe5+
Ne6 15. Qxd5 O-O 16. Nc3 Qb6 17. Qd2 Nxg5 18. Rxg5 Rad8 19. Rd5 Be7 20. Re1
Qf6 21. Rxd8 Rxd8 22. Qxd8+ 1-0

[Event "10th EICC"]
[Site "Budva MNE"]
[Date "2009.03.06"]
[Round "1"]
[White "Mikavica,D"]
[Black "Lajthajm,B"]
[Result "0-1"]
[WhiteElo "2034"]
[BlackElo "2502"]
[EventDate "2009.03.06"]

1. d4 Nf6 2. c4 e6 3. Nf3 Bb4+ 4. Bd2 Qe7 5. g3 O-O 6. Bg2 Bxd2+ 7. Nbxd2
d6 8. Qc2 e5 9. dxe5 dxe5 10. e3 Bg4 11. O-O Nbd7 12. h3 Bxf3 13. Bxf3 c6
14. Bg2 a5 15. Rab1 Nc5 16. Nb3 Nfd7 17. Nxc5 Nxc5 18. b3 g6 19. a3 e4 20.
Rfd1 f5 21. Bf1 Nd7 22. b4 axb4 23. axb4 Ne5 24. Be2 h5 25. c5 h4 26. Kh2
hxg3+ 27. fxg3 Kh7 28. Rd6 Ra3 29. Rb3 Rfa8 30. Rxa3 Rxa3 31. Qc1 Rb3 32.
h4 Rxb4 33. h5 gxh5 34. Qc3 Ra4 35. Qb3 Ra5 36. Bxh5 Rxc5 37. Re6 Qg7 38.
Re8 Rd5 39. Qb4 0-1

[Event "10th EICC"]
[Site "Budva MNE"]
[Date "2009.03.06"]
[Round "1"]
[White "Banusz,T"]
[Black "Karisik,N"]
[Result "1-0"]
[WhiteElo "2501"]
[BlackElo "2023"]
[EventDate "2009.03.06"]

1. Nf3 Nf6 2. c4 g6 3. g3 Bg7 4. Bg2 O-O 5. O-O d6 6. d4 Nc6 7. Nc3 e5 8.
d5 Ne7 9. e4 c5 10. Ne1 Nd7 11. Nd3 f5 12. f4 fxe4 13. Nxe4 Nf5 14. g4 Nh6
15. Nxd6 exf4 16. Bxf4 Qh4 17. h3 Bd4+ 18. Kh1 Rxf4 19. Nxf4 Ne5 20. Qe1
Qe7 21. Nxc8 Rxc8 22. Ne6 Bxb2 23. Rb1 Bd4 24. d6 Qxd6 25. Bd5 Kh8 26. Nxd4
cxd4 27. Qd2 Ng8 28. Qxd4 Rxc4 29. Rf8 h6 30. Rxg8+ Kh7 31. Rxb7+ 1-0

[Event "10th EICC"]
[Site "Budva MNE"]
[Date "2009.03.06"]
[Round "1"]
[White "Malureanu,C"]
[Black "Djukic,Ni"]
[Result "1/2-1/2"]
[WhiteElo "2013"]
[BlackElo "2500"]
[EventDate "2009.03.06"]

1. e4 c5 2. Nf3 Nc6 3. d4 cxd4 4. Nxd4 Nf6 5. Nc3 d6 6. Bg5 e6 7. Qd2 a6 8.
O-O-O h6 9. Nxc6 bxc6 10. Bf4 d5 11. Qe3 Qa5 12. a3 Bc5 13. Qe1 d4 14. Nd5
Qxe1 15. Nxf6+ gxf6 16. Rxe1 Be7 17. e5 c5 18. exf6 Bxf6 19. Be5 Ke7 20. f4
Bxe5 21. Rxe5 Kd6 22. Bc4 Bb7 23. Rhe1 Rhg8 24. g3 Bf3 25. Kd2 h5 26. b4
cxb4 27. axb4 h4 28. f5 hxg3 29. hxg3 Rg5 30. Ra5 Rxf5 31. Rxf5 exf5 32.
Ra1 Bb7 33. Ra5 Rg8 34. Rxf5 Rxg3 35. Rxf7 Be4 36. Bd3 Bxd3 37. cxd3 Rg2+
38. Kc1 Ra2 39. Rf6+ Ke5 40. Rf8 Ra4 41. Re8+ Kf5 42. Rf8+ Ke6 43. Ra8 Kd7
44. Kc2 Ra3 45. Rh8 Rc3+ 46. Kd2 Rb3 47. Rh6 1/2-1/2

[Event "10th EICC"]
[Site "Budva MNE"]
[Date "2009.03.06"]
[Round "1"]
[White "Antic,De"]
[Black "Draskovic,L"]
[Result "1-0"]
[WhiteElo "2495"]
[BlackElo "1983"]
[EventDate "2009.03.06"]

1. d4 d5 2. c4 c6 3. cxd5 cxd5 4. Nc3 Nc6 5. e4 dxe4 6. d5 Ne5 7. Qd4 Nd3+
8. Bxd3 exd3 9. Nf3 Nf6 10. Bg5 e6 11. Bxf6 Qxf6 12. Qxd3 Bd7 13. O-O O-O-O
14. Qe3 Kb8 15. Ne5 Bd6 16. Nxd7+ Rxd7 17. dxe6 Qxe6 18. Qxe6 fxe6 19. Rfe1
Re8 20. Rad1 Kc8 21. Nb5 Bb8 22. Nd4 Bc7 23. Nb5 Bb8 24. Kf1 a6 25. Nc3 Ba7
26. Rxd7 Kxd7 27. Re4 e5 28. Rg4 Re7 29. Rb4 b5 30. a4 Bc5 31. Rh4 b4 32.
Ne4 Bd4 33. b3 h6 34. Rg4 Ke6 35. Ke2 Rc7 36. Kd3 Rd7 37. Rg6+ Kf5 38. Rd6
Rxd6 39. Nxd6+ Ke6 40. Ne4 Kd5 41. g4 Bb6 42. f3 Bd8 43. Nd2 Bb6 44. h4 Bd8
45. h5 Bg5 46. Nc4 Bc1 47. a5 Bg5 48. Nb6+ Kc5 49. Ke4 Kb5 50. Kd5 Bd8 51.
Nc4 Bf6 52. Nd6+ 1-0

[Event "10th EICC"]
[Site "Budva MNE"]
[Date "2009.03.06"]
[Round "1"]
[White "Kadric,D"]
[Black "Ekstroem,R"]
[Result "1-0"]
[WhiteElo "1982"]
[BlackElo "2495"]
[EventDate "2009.03.06"]

1. e4 d5 2. exd5 Qxd5 3. Nc3 Qd6 4. d4 Nf6 5. Bc4 c6 6. Nge2 g6 7. Bf4 Qd8
8. Qd2 Bg7 9. Bh6 O-O 10. Bxg7 Kxg7 11. O-O-O Nbd7 12. h4 h5 13. f3 Nb6 14.
Bd3 Be6 15. g4 Bc4 16. gxh5 Nxh5 17. Rdg1 Bxd3 18. Qxd3 Nd5 19. Rg5 Rh8 20.
Nxd5 cxd5 21. Rhg1 Qd6 22. Qf5 e6 23. Qg4 Kf8 24. Re5 Qe7 25. Rh1 Qf6 26.
Kd1 Rh6 27. Qg5 Kg7 28. Qg4 Rah8 29. Rg5 b5 30. Kd2 a5 31. Kd1 b4 32. c3
bxc3 33. bxc3 Qe7 34. Nf4 Nf6 35. Qg2 Rb8 36. Qc2 Ne4 37. fxe4 Rxh4 38.
Rxh4 Qxg5 39. Qh2 dxe4 40. Rh7+ Kf6 41. Nd5+ Qxd5 42. Qxb8 Qxa2 43. Qf4+
1-0

[Event "10th EICC"]
[Site "Budva MNE"]
[Date "2009.03.06"]
[Round "1"]
[White "Stanojoski,Z"]
[Black "Fugulyan,G"]
[Result "1/2-1/2"]
[WhiteElo "2493"]
[BlackElo "1978"]
[EventDate "2009.03.06"]

1. c4 Nf6 2. g3 g6 3. Bg2 Bg7 4. Nc3 O-O 5. e4 d6 6. Nge2 c6 7. d4 Nbd7 8.
O-O a5 9. d5 Nb6 10. b3 a4 11. Rb1 Qc7 12. Bb2 axb3 13. axb3 Bg4 14. f3 Bd7
15. h3 cxd5 16. cxd5 Qc5+ 17. Kh2 Rfc8 18. f4 Bb5 19. b4 Bxe2 20. bxc5 Bxd1
21. Nxd1 Nc4 22. e5 Nd2 23. exf6 Nxb1 24. fxg7 Rxc5 25. Re1 Rc7 26. f5 f6
27. Ne3 Nd2 28. Re2 Nb3 29. g4 g5 30. Nc2 Kxg7 31. Nd4 Nxd4 32. Bxd4 Kf7
33. Rb2 Ra4 34. Bf2 b5 35. Bf1 b4 36. Bb5 Ra3 37. Bc6 b3 38. Kg3 Rc8 39.
Kf3 1/2-1/2

[Event "10th EICC"]
[Site "Budva MNE"]
[Date "2009.03.06"]
[Round "1"]
[White "Spoelman,W"]
[Black "Vrhovnik,D"]
[Result "1-0"]
[WhiteElo "2493"]
[BlackElo "1976"]
[EventDate "2009.03.06"]

1. e4 c5 2. Nf3 d6 3. d4 cxd4 4. Nxd4 Nf6 5. Nc3 g6 6. Be3 Bg7 7. f3 O-O 8.
Qd2 Nc6 9. O-O-O Bd7 10. Bc4 Ne5 11. Bb3 Rc8 12. Kb1 Nc4 13. Bxc4 Rxc4 14.
g4 Qc7 15. g5 Nh5 16. Nd5 Qd8 17. Nb3 Be6 18. Bxa7 Bxd5 19. Qxd5 Qc8 20.
Qd2 Qa8 21. Bd4 Rfc8 22. c3 e5 23. Be3 Bf8 24. Qd5 Qa6 25. Na1 Nf4 26. Bxf4
exf4 27. Nc2 R8c5 28. Qd2 Rxg5 29. Nb4 Qb5 30. Nd5 Bg7 31. h4 Re5 32. h5
Re8 33. hxg6 hxg6 34. Qxf4 Re6 35. Qh4 Qe8 36. Rh2 b5 37. Rdh1 f6 38. Qh8+
Kf7 1-0

[Event "10th EICC"]
[Site "Budva MNE"]
[Date "2009.03.06"]
[Round "1"]
[White "Stamatovic,V"]
[Black "Larino Nieto,D"]
[Result "0-1"]
[WhiteElo "1974"]
[BlackElo "2488"]
[EventDate "2009.03.06"]

1. d4 Nf6 2. c4 e6 3. Nc3 c5 4. d5 exd5 5. cxd5 d6 6. e4 g6 7. Nf3 Bg7 8.
Bb5+ Nbd7 9. O-O Nh5 10. Bg5 Qb6 11. Qd3 a6 12. Ba4 Qxb2 13. e5 b5 14. Rab1
Qa3 15. Rb3 c4 16. Rxa3 cxd3 17. Bxb5 dxe5 18. Bc6 Rb8 19. Ne4 f6 20. Nd6+
Ke7 21. Nxc8+ Rhxc8 22. Be3 e4 23. Nd2 f5 24. Rxa6 0-1

[Event "10th EICC"]
[Site "Budva MNE"]
[Date "2009.03.06"]
[Round "1"]
[White "Skoberne,J"]
[Black "Dedic,S"]
[Result "1-0"]
[WhiteElo "2489"]
[BlackElo "1968"]
[EventDate "2009.03.06"]

1. c4 e5 2. Nc3 Nf6 3. Nf3 Nc6 4. g3 d5 5. cxd5 Nxd5 6. Bg2 Nxc3 7. bxc3
Be7 8. O-O O-O 9. d4 exd4 10. cxd4 Bf6 11. e3 Bg4 12. Rb1 Qc8 13. Re1 Rb8
14. Qc2 Bh3 15. Ba3 Bxg2 16. Kxg2 Re8 17. Rec1 Qd7 18. h3 Qd5 19. Qc4 Qxc4
20. Rxc4 Red8 21. d5 Na5 22. Rc5 b6 23. Rxc7 Rxd5 24. Rxa7 Nc4 25. Bb4 b5
26. Be1 Bb2 27. Nd2 Rd3 28. Nxc4 bxc4 29. Rxb2 Rxb2 30. Ra8+ 1-0

[Event "10th EICC"]
[Site "Budva MNE"]
[Date "2009.03.06"]
[Round "1"]
[White "Pecurica,M"]
[Black "Vavrak,P"]
[Result "0-1"]
[WhiteElo "1934"]
[BlackElo "2488"]
[EventDate "2009.03.06"]

1. d4 e6 2. c4 Nf6 3. Nc3 Bb4 4. Nf3 c5 5. g3 Nc6 6. Bg2 Ne4 7. Bd2 Bxc3 8.
bxc3 O-O 9. Be3 f5 10. d5 Na5 11. Qd3 d6 12. h4 e5 13. Ng5 Nxg5 14. Bxg5
Qe8 15. h5 h6 16. Bh4 e4 17. Qc2 Nxc4 18. g4 Qe5 19. g5 hxg5 20. Bxg5 f4
21. Bxe4 Qxg5 22. h6 gxh6 23. O-O-O f3+ 24. e3 Ne5 25. Qb1 Rf7 26. Rdg1 Bg4
27. Kb2 Rg7 0-1

[Event "10th EICC"]
[Site "Budva MNE"]
[Date "2009.03.06"]
[Round "1"]
[White "Anisimov,P2"]
[Black "Kanceljak,D"]
[Result "1-0"]
[WhiteElo "2488"]
[BlackElo "1917"]
[EventDate "2009.03.06"]

1. e4 c5 2. Ne2 e6 3. Nbc3 Nc6 4. d4 cxd4 5. Nxd4 d6 6. Be3 Nf6 7. Be2 Be7
8. g4 Nd7 9. Qd2 Nb6 10. O-O-O a6 11. f4 Na5 12. b3 d5 13. Nxd5 Ba3+ 14.
Kb1 Nxd5 15. exd5 exd5 16. Nf5 Bxf5 17. gxf5 Nc6 18. Qxd5 Qe7 19. Bb6 O-O
20. Bc4 Qf6 21. Bd4 Nxd4 22. Qxd4 Qxd4 23. Rxd4 b5 24. Bd5 Rad8 25. Rhd1
Kh8 26. b4 Rfe8 27. c3 Re2 28. R4d2 Re3 29. Bxf7 Rxd2 30. Rxd2 g6 31. f6
1-0

[Event "10th EICC"]
[Site "Budva MNE"]
[Date "2009.03.06"]
[Round "1"]
[White "Kopischke,M"]
[Black "Mastrovasilis,A"]
[Result "0-1"]
[WhiteElo "1910"]
[BlackElo "2486"]
[EventDate "2009.03.06"]

1. Nf3 Nf6 2. g3 b6 3. Bg2 Bb7 4. O-O c5 5. d3 g6 6. Nbd2 Bg7 7. e4 O-O 8.
Qe2 Nc6 9. c3 Ba6 10. Ne1 Rc8 11. f4 b5 12. Ndf3 b4 13. c4 Ne8 14. Rb1 Nc7
15. Be3 Ne6 16. Nc2 f5 17. exf5 gxf5 18. Nh4 Ned4 19. Nxd4 Nxd4 20. Bxd4
Bxd4+ 21. Kh1 0-1

[Event "10th EICC"]
[Site "Budva MNE"]
[Date "2009.03.06"]
[Round "1"]
[White "Chirila,I"]
[Black "Gagic,M"]
[Result "1-0"]
[WhiteElo "2485"]
[BlackElo "1880"]
[EventDate "2009.03.06"]

1. e4 c6 2. d4 d5 3. e5 Bf5 4. Nf3 e6 5. Be2 Nd7 6. O-O h6 7. Nbd2 Ne7 8.
Nb3 Nc8 9. Ne1 a5 10. a4 Ncb6 11. g3 Be7 12. Ng2 Qc7 13. Ne3 Bh7 14. Bd2
Nc8 15. c4 dxc4 16. Nxc4 b6 17. Rc1 Be4 18. Bf3 Bxf3 19. Qxf3 Qb7 20. Ne3
Na7 21. Qh5 g6 22. Qe2 c5 23. dxc5 Nxc5 24. Nxc5 Bxc5 25. Ng4 h5 26. Nf6+
Kf8 27. Bg5 Kg7 28. Rfd1 Rac8 29. Rd7 Rc7 30. Rcd1 Nc6 31. Qf3 Qb8 32.
Nxh5+ 1-0

[Event "10th EICC"]
[Site "Budva MNE"]
[Date "2009.03.07"]
[Round "2"]
[White "Akopian,Vl"]
[Black "Saric,Iv"]
[Result "1-0"]
[WhiteElo "2700"]
[BlackElo "2566"]
[EventDate "2009.03.06"]

1. e4 e5 2. Nf3 Nc6 3. Bb5 a6 4. Ba4 Nf6 5. d3 b5 6. Bb3 Be7 7. a4 b4 8. a5
O-O 9. O-O d6 10. Nbd2 Be6 11. Nc4 Bg4 12. c3 bxc3 13. bxc3 d5 14. exd5
Nxd5 15. Bd2 Bf6 16. Re1 e4 17. dxe4 Nxc3 18. Qc1 Rb8 19. Bxc3 Rxb3 20.
Bxf6 Qxf6 21. e5 Qg6 22. Nh4 Qh5 23. Nd2 Rd3 24. Nhf3 Qg6 25. e6 fxe6 26.
Qxc6 Bxf3 27. Nxf3 Rdxf3 28. Qxa6 Rxf2 29. Qxe6+ Qxe6 30. Rxe6 R2f6 31.
Rxf6 Rxf6 32. a6 Rf8 33. a7 Ra8 34. Kf2 Kf7 35. Ke3 Ke6 36. Kd4 Kd6 37.
Ra6+ c6 38. g4 h6 39. h3 g6 40. h4 h5 41. g5 Ke6 42. Ke4 1-0

[Event "10th EICC"]
[Site "Budva MNE"]
[Date "2009.03.07"]
[Round "2"]
[White "Grigoriants,S RUS"]
[Black "Naiditsch,A"]
[Result "1/2-1/2"]
[WhiteElo "2565"]
[BlackElo "2693"]
[EventDate "2009.03.06"]

1. e4 c5 2. Nf3 d6 3. c3 Nf6 4. Be2 g6 5. O-O Bg7 6. Qc2 Qc7 7. Bb5+ Nbd7
8. Re1 O-O 9. Bf1 d5 10. d3 e5 11. exd5 Nxd5 12. Qb3 Ne7 13. Nbd2 Nc6 14.
a4 Na5 15. Qa3 b6 16. b4 Nb7 17. d4 exd4 18. cxd4 Nd6 19. bxc5 bxc5 20.
dxc5 1/2-1/2

[Event "10th EICC"]
[Site "Budva MNE"]
[Date "2009.03.07"]
[Round "2"]
[White "Bologan,V"]
[Black "Safarli,E"]
[Result "1-0"]
[WhiteElo "2687"]
[BlackElo "2564"]
[EventDate "2009.03.06"]

1. e4 e5 2. Nf3 Nc6 3. Bc4 Nf6 4. d3 Be7 5. O-O O-O 6. Re1 d6 7. a4 h6 8.
a5 a6 9. c3 Nh7 10. Qb3 Ng5 11. Nxg5 Bxg5 12. Be3 Ne7 13. Nd2 Ng6 14. d4
Qf6 15. Nf3 Bf4 16. dxe5 dxe5 17. Bc5 Bg4 18. Be2 Rfb8 19. Rad1 Qc6 20. Qb4
Rd8 21. h3 Bxf3 22. Bxf3 Bd2 23. Re2 Bg5 24. Rxd8+ Rxd8 25. g3 Rd1+ 26. Kg2
Ra1 27. Bh5 Kh7 28. Bg4 Kg8 29. b3 Bc1 30. Ba7 Ba3 31. Qc4 Qxc4 32. bxc4
Ne7 33. Bb8 Bd6 34. c5 Bxc5 35. Bxc7 Nc6 36. Rd2 g6 37. Bc8 Rb1 38. Bd7 f6
39. Rd5 Ba7 40. Rd6 Kf7 41. Bxc6 bxc6 42. Rxc6 Rb2 43. Bb6 Bxb6 44. axb6 a5
45. c4 a4 46. Rc7+ Ke6 47. c5 a3 48. Ra7 a2 49. g4 h5 50. gxh5 gxh5 51. h4
1-0